| 000 | 00424nam a22001577a 4500 | ||
|---|---|---|---|
| 999 |
_c27597 _d27597 |
||
| 008 | 241122b ||||| |||| 00| 0 eng d | ||
| 020 | _a9788131505779 | ||
| 041 | 0 | _aeng | |
| 082 | 0 | 0 |
_a330 _bM2789 |
| 100 |
_95700 _aMankiw, N. Gregory |
||
| 245 | 1 | 0 |
_aEconomics: Principles and Applications / _cN. Gregory Mankiw |
| 260 |
_aNew Delhi: _bCengage Learning, _cc2007 |
||
| 300 | _a684 p. | ||
| 650 | 0 | _aEconomics | |
| 942 | _cBK | ||